000 00483pab a2200193 454500
008 180718b1997 xxu||||| |||| 00| 0 eng d
100 _aAiyar, Mani Shankar
245 _aA gillie-gillie budget: Chidambaram's sleight of hand
260 _c1997
300 _ap.8
362 _a5 Mar
650 _aBudget - India
650 _aFinance, Public - India
650 _aPublic finance
650 _aState budget
650 _aBudget
773 _aIndian Express
909 _a34401
999 _c34401
_d34401